MCU Movies (as of December 2023) - Statistics

General Stats
  • This quiz has been taken 16 times
    6 since last reset
  • The average score is 22 of 33
Answer Stats
Movie % Correct
The Avengers
100%
Ant-Man
80%
Avengers: Age Of Ultron
80%
Captain America: The First Avenger
80%
Guardians Of The Galaxy
80%
Iron-Man
80%
Iron-Man 2
80%
The Incredible Hulk
80%
Thor
80%
Thor: The Dark World
80%
Ant-Man and the Wasp
60%
Ant-Man and the Wasp: Quantumania
60%
Avengers: Endgame
60%
Avengers: Infinity War
60%
Black Panther
60%
Black Panther: Wakanda Forever
60%
Black Widow
60%
Captain America: Civil War
60%
Captain America: The Winter Soldier
60%
Captain Marvel
60%
Doctor Strange
60%
Doctor Strange in the Multiverse of Madness
60%
Eternals
60%
Guardians Of The Galaxy: Vol. 2
60%
Guardians Of The Galaxy: Vol. 3
60%
Iron-Man 3
60%
Shang-Chi and the Legend of the Ten Rings
60%
Spider-Man: Far From Home
60%
Spider-Man: Homecoming
60%
Spider-Man: No Way Home
60%
The Marvels
60%
Thor: Love and Thunder
60%
Thor: Ragnarok
60%
No matching quizzes found
Score Distribution
Percent of People with Each Score
Percentile by Number Answered
Your Score History
You have not taken this quiz since the last reset